000 00258nam a22001217a 4500
008 171207b xxu||||| |||| 00| 0 eng d
041 _aeng
080 _a32
100 _a20
101 _aPOL
245 _aPOLITICS IN AMERICA
_cGADDIE.D
942 _2udc
_cBK
999 _c38805
_d38805